Informe que sobre la integración de la clase agraria en el Estado ofrece a los Sres. Presidentes de las Corporaciones confederadas que constituyen la Unión Agraria Española el Presidente de la Federación Agraria Bético-Extremeña y Canaria / (Record no. 93450)

MARC details
000 -LEADER
campo de control de longitud fija 00714nam a2200157 i 4500
001 - NÚMERO DE CONTROL
campo de control 93450
003 - IDENTIFICADOR DE NÚMERO DE CONTROL
campo de control ES-MaACL
005 - FECHA Y HORA DE LA ÚLTIMA TRANSACCIÓN
campo de control 20230906181227.0
007 - CAMPO FIJO DE DESCRIPCIÓN FÍSICA--INFORMACIÓN GENERAL
campo de control de longitud fija t|
008 - DATOS DE LONGITUD FIJA--INFORMACIÓN GENERAL
campo de control de longitud fija 050527s1907 sp ||||1| spa d
100 1# - ENTRADA PRINCIPAL--NOMBRE DE PERSONA
Nombre de persona Martel y Fernández de Córdoba, Ricardo
Títulos y otros términos asociados al nombre Conde de Torres Cabrera.
9 (RLIN) 77162
245 10 - MENCIÓN DEL TÍTULO
Título Informe que sobre la integración de la clase agraria en el Estado ofrece a los Sres. Presidentes de las Corporaciones confederadas que constituyen la Unión Agraria Española el Presidente de la Federación Agraria Bético-Extremeña y Canaria /
Mención de responsabilidad, etc. El Conde de Torres-Cabrera.
260 ## - PUBLICACIÓN, DISTRIBUCIÓN, ETC.
Lugar de publicación, distribución, etc. Madrid :
Nombre del editor, distribuidor, etc. [s.n.,
Fecha de publicación, distribución, etc. 1907] (
Fabricante Est. Tip. de Fortanet)
300 ## - DESCRIPCIÓN FÍSICA
Extensión 120 p. ;
Dimensiones 28 cm.
852 ## - LOCALIZACIÓN
Ubicación ES-MaACL
Número de control de estantería T-1169-F-4
Holdings
Estatus retirado Estado de pérdida Estado de daño No para préstamo Colección Biblioteca de origen Biblioteca actual Ubicación en estantería Fecha de adquisición Fuente de adquisición Total de préstamos Signatura topográfica completa Código de barras Visto por última vez Precio de reemplazo Tipo de ítem Koha
        Colección de folletos Biblioteca del Ateneo de Madrid Biblioteca del Ateneo de Madrid Depósito folletos 17/01/2008     T-1169-F-4 1097588 23/02/2023 23/02/2023 Folleto